书目信息 |
| 书名: | A brief history of the Caribbean | |
| 作者: | Jan Rogozin?ski. | |
| 分册号: | ||
| 分册名: | 出版地: | New York : |
|
| 出版社: | Facts on File | |
| 出版时间: | c1992. | |
| 页数: | ix, 324 p. : | |
| 开本: | 24 cm. | |
| 丛书名: | ||
| 中图分类号: | ||
| 科图分类号: | ||
| 其他分类号: | K75 | |
| 主题词: | ||
| 电子资源: | ||
| 000 | 01040cam a2200289 a 450 | |
| 001 | E0730198787 | |
| 005 | 20070519082421.54 | |
| 008 | 910903s1992 nyuab b 001 0 eng | |
| 010 | @a91000860 | |
| 020 | @a0-8160-2451-0. | |
| 035 | @A(DLC) 91000860 | |
| 040 | @aDLC@cDLC@dDLC | |
| 043 | @anw----- | |
| 050 | 00 | @aF1621@b.R72 1992 |
| 082 | 00 | @a972.9@2 20 |
| 090 | @aK75 | |
| 099 | @dK75@ex8 | |
| 100 | 1 | @aRogozin?ski, Jan. |
| 245 | 12 | @aA brief history of the Caribbean :@bfrom the Arawak and the Carib to the present / @cJan Rogozin?ski. |
| 260 | @aNew York :@bFacts on File,@cc1992. | |
| 300 | @aix, 324 p. :@bill., maps ;@c24 cm. | |
| 504 | @aIncludes bibliographical references (p. 306-316) and index. | |
| 651 | 0 | @aWest Indies@xHistory. |
| 906 | @a7@bcbc@corignew@d1@eocip@f19@gy-gencatlg | |
| 955 | @apc02 to hh00 09-03-91; hh08 09-04-91 (whole); hh04 09-13-91; CIP VER hh02 05-07-92 | |
| 991 | @br-MRR@hF1621@i.R72 1992@tCopy 1@mAlc@wGenBib bi 94-006950 | |
| 991 | @bc-GenColl@hF1621@i.R72 1992@tCopy 1@wBOOKS | |
| A brief history of the Caribbean : : from the Arawak and the Carib to the present / / Jan Rogozin?ski.-New York : : Facts on File, , c1992. |
| ix, 324 p. : : ill., maps ; ; 24 cm. |
| Includes bibliographical references (p. 306-316) and index. |
| ISBN 0-8160-2451-0. |
| ● |
| 相关链接 |
|
|
|
|
正题名:brief history of the Caribbean
索取号:K75/x8
 
预约/预借
| 序号 | 登录号 | 条形码 | 馆藏地/架位号 | 状态 | 备注 |
| 1 | 10493 | 300104937 | 第二样本阅览室/ [索取号:K75/x8] | 在馆 | |
| 2 | 10494 | 300104946 | 第四借阅区/ [索取号:K75/x8] | 在馆 |